000 00536 a2200205 4500
001 63464
005 20260407155932.0
008 260407a1966 arg spa d
003 AR-UNSa-BCEJYS
040 _aAR-UNSa-BCEJYS
_bspa
_cAR-UNSa-BCEJYS
080 _a504.75
_xEcologĂ­a y medio ambiente humanos
245 1 0 _aEcologia humana
250 _a2a. ed.
264 1 _aMadrid :
_bTecnos
_c1966
300 _a433 p.
_c23 cm.
041 _aspa
942 _cBK
590 _aniveau_biblio:m niveau_hierar:0
100 1 _aHawley, Amos H.
999 _c8181
_d8181